| 000 | 00947nam a2200289 a 4500 | ||
|---|---|---|---|
| 001 | 000003601 | ||
| 003 | DO-SdBNP | ||
| 005 | 20220906111929.0 | ||
| 007 | ta | ||
| 008 | 941001s1972 sp a 000 f spa d | ||
| 020 | _a842860066X | ||
| 040 |
_aDO-SdBNP _bspa _cBNPHU |
||
| 082 | 4 |
_a813.54 _bB118j _222 |
|
| 100 | 1 |
_aBach, Richard, _d1936- _93225 |
|
| 240 | 1 | 4 |
_aJonathan Livingston Seagull. _lEspañol |
| 245 | 1 | 0 |
_aJuan Salvador Gaviota / _cRichard Bach ; traducción de Carol y Frederick Howell. |
| 260 |
_aBarcelona : _bPomaire, _c1972. |
||
| 300 |
_a93 p. : _bil. ; _c22 cm. |
||
| 534 |
_aTítulo original : _tJonathan Livingston Seagull. |
||
| 590 | _aPerteneció a la biblioteca personal de Juan Isidro Jimenes Grullón. | ||
| 650 | 4 |
_aNovela estadounidense _9262 |
|
| 650 | 4 |
_aLiteratura estadounidense _9263 |
|
| 700 | 1 |
_aHowell, Carol, _etr. _911086 |
|
| 700 | 1 |
_aHowell, Frederick, _etr. _911087 |
|
| 910 | _aDG | ||
| 942 |
_2ddc _cLBS1 |
||
| 999 |
_c3425 _d3425 |
||